Izolačné, ochranné a zálievkové látky VÚISIL a izolačné a ochranné povlaky z nich /

Uloženo v:
Podrobná bibliografie
Hlavní autor: Podolan, Jozef
Médium: Kniha
Jazyk:slovenština
Vydáno: Bratislava : Výskumný ústav inžinierskych stavieb, 1984
Témata:
On-line přístup: Získat plný text
Tagy: Přidat tag
Žádné tagy, Buďte první, kdo vytvoří štítek k tomuto záznamu!

MARC

LEADER 00000nam a2200000 4500
003 SK-BrCVT
005 20220617160520.0
008 880101s1984 cs e ||||||slo d
035 |a CVTIDW0907654 
040 |b slo  |a CVTI SR 
041 0 |a slo 
044 |a cs 
080 |a 620.198  |2 UDC-MRF 
080 |a 621.314.62  |2 UDC-MRF 
100 1 |a Podolan, Jozef 
245 1 0 |a Izolačné, ochranné a zálievkové látky VÚISIL a izolačné a ochranné povlaky z nich /  |c Jozef Podolan 
260 |a Bratislava :  |b Výskumný ústav inžinierskych stavieb,  |c 1984 
300 |a 79 s. 
500 |a Výskumný ústav inžinierskych stavieb. Č. 186 
653 1 |a ochranná vrstva 
653 1 |a izolačná látka 
655 4 |a odborné publikácie 
692 |a sm MM 
910 |b A442453  |b A436474 
974 |f Knihy 
992 |a AMG 
999 |c 57453  |d 57453